Vista normal
Vista MARC
Entrada Materia (personas)
Número de registros utilizados en: 1
001 - CONTROL NUMBER
- control field: 168716
003 - CONTROL NUMBER IDENTIFIER
- control field: Co-BoUCM
005 - DATE AND TIME OF LATEST TRANSACTION
- control field: 20211112074946.0
008 - FIXED-LENGTH DATA ELEMENTS
- fixed length control field: 211112|| aca||aabn | a|a d
040 ## - CATALOGING SOURCE
- Original cataloging agency: Co-BoUCM
- Transcribing agency: Co-BoUCM
100 ## - HEADING--PERSONAL NAME
- Personal name: Hesselbach, Jurgen
670 ## - SOURCE DATA FOUND
- Source citation: Work cat.: (Co-BoUCM)73672: CIRP international conference on life cycle engineering, technische Universitat Braunschweig (18th. May 2nd - 4th, 2011 Braunschweig, Germany) 168714, Glocalized solutions for sustainability in manufacturing, 2011